Provincia de Cuenca [ (Record no. 111262)
[ view plain ]
| 000 -LEADER | |
|---|---|
| campo de control de longitud fija | 00571ntm a2200157 i 4500 |
| 001 - NÚMERO DE CONTROL | |
| campo de control | 111262 |
| 003 - IDENTIFICADOR DE NÚMERO DE CONTROL | |
| campo de control | ES-MaACL |
| 005 - FECHA Y HORA DE LA ÚLTIMA TRANSACCIÓN | |
| campo de control | 20230906185255.0 |
| 007 - CAMPO FIJO DE DESCRIPCIÓN FÍSICA--INFORMACIÓN GENERAL | |
| campo de control de longitud fija | t| |
| 008 - DATOS DE LONGITUD FIJA--INFORMACIÓN GENERAL | |
| campo de control de longitud fija | 190509q18001899sp r ||||1| spa d |
| 245 00 - MENCIÓN DEL TÍTULO | |
| Título | Provincia de Cuenca [ |
| Medio | Manuscrito]. |
| 260 ## - PUBLICACIÓN, DISTRIBUCIÓN, ETC. | |
| Nombre del editor, distribuidor, etc. | S.XIX. |
| 300 ## - DESCRIPCIÓN FÍSICA | |
| Extensión | 1 h. ; |
| Dimensiones | 21 cm. |
| 651 #4 - PUNTO DE ACCESO ADICIONAL DE MATERIA--NOMBRE GEOGRÁFICO | |
| Nombre geográfico | Cuenca (Provincia)- |
| Subdivisión general | Descripción. |
| 9 (RLIN) | 137110 |
| 852 ## - LOCALIZACIÓN | |
| Ubicación | ES-MaACL |
| Número de control de estantería | B-8924(9) |
| Nota libre | .- Legado de Federico de Botella y de Hornos |
| -- | .- Encuadernado en un vol. facticio agrupado con el nombre en el lomo: España, geología, memorias y documentos varios 1 a 8 |
| Estatus retirado | Estado de pérdida | Estado de daño | No para préstamo | Colección | Biblioteca de origen | Biblioteca actual | Ubicación en estantería | Fecha de adquisición | Fuente de adquisición | Total de préstamos | Signatura topográfica completa | Código de barras | Visto por última vez | Precio de reemplazo | Tipo de ítem Koha |
|---|---|---|---|---|---|---|---|---|---|---|---|---|---|---|---|
| Manuscritos | Biblioteca del Ateneo de Madrid | Biblioteca del Ateneo de Madrid | Sala Pardo Bazán | 09/05/2019 | B-8924(9) | 1200507 | 23/02/2023 | 23/02/2023 | Manuscrito |
